films par métiers #7 - Statistiques

Statistiques générales
  • Ce quiz a été pris 66 fois
  • Le résultat moyen est 7 sur 20
Statistiques - réponses
Hint Réponse % Correct
Rédactrice en chef de Magazine de Mode (Miranda Priestly) Le Diable S'habille en Prada (2006)
75%
Astronaute (Ryan Stone) Gravity (2013)
65%
Chercheur en génétique (David Banner) Hulk (2003)
58%
Prêtre (Damien Karras) L'Exorciste (1973)
54%
Styliste (Myrtle "Tilly" Dunnage) Haute Couture (2015)
50%
Jésuite/Conseiller (Ricardo Fontana) Amen (2002)
44%
Charcutier (Manu) Le Cœur des Hommes (2003)
44%
Footballeur (Leslie Konda) Le Crocodile du Botswanga (2014)
42%
Eleveuse de criquets comestibles (Virginie) La Nuée (2020)
37%
Président des Etats-Unis (James Dale) Mars Attacks! (1996)
37%
Journaliste (April O'Neil) Ninja Turtles (2014)
29%
Photographe (Adam Stanheight) Saw (2004)
19%
Ostéopathe (Vincent Romero) Rire et Châtiment (2003)
17%
Professeur (John Oldman) The Man From Earth (2007)
17%
Présentateur Météo sur une chaine TV (Bill Harding) Twister (1996)
17%
Agent des services secrets français (Philippe Roaché) Godzilla (1998)
15%
Médecin (John Form) Annabelle (2014)
12%
Psychiatre hospitalier (Mark Powell) K-PAX : l'homme qui vient de loin (2001)
12%
Entomologiste (Susan Tyler) Mimic (1997)
10%
Physicien chargé de la bombe (Capa) Sunshine (2007)
10%
Aucun quiz correspondant
Distribution des résultats
% des personnes avec chaque résultat
Percentile par nombre de réponses
Votre historique - résultats
Vous n’avez pas pris ce quiz